Mathematical methods in chemical engineering (Record no. 25039)

000 -LEADER
fixed length control field 00548nam a22002051 4500
001 - CONTROL NUMBER
control field 25039
003 - CONTROL NUMBER IDENTIFIER
control field BD-DhUET
008 - FIXED-LENGTH DATA ELEMENTS--GENERAL INFORMATION
fixed length control field 730313s1963 xx 000 0 eng
040 ## - CATALOGING SOURCE
Original cataloging agency DLC
Transcribing agency OClU
Modifying agency BD-DhUET
082 ## - DEWEY DECIMAL CLASSIFICATION NUMBER
Classification number 660.28
Item number JEN/1963
100 ## - MAIN ENTRY--PERSONAL NAME
Personal name Jenson, V. G.
245 10 - TITLE STATEMENT
Title Mathematical methods in chemical engineering
250 ## - EDITION STATEMENT
Edition statement 1st ed.
260 ## - PUBLICATION, DISTRIBUTION, ETC. (IMPRINT)
Place of publication, distribution, etc. London
Name of publisher, distributor, etc. Academic Press
Date of publication, distribution, etc. 1963
300 ## - PHYSICAL DESCRIPTION
Extent xi, 556 p.
Other physical details illus.
Dimensions 24cm.
504 ## - BIBLIOGRAPHY, ETC. NOTE
Bibliography, etc Includes bibliographies
650 #0 - SUBJECT ADDED ENTRY--TOPICAL TERM
Topical term or geographic name as entry element Chemical engineering
700 ## - ADDED ENTRY--PERSONAL NAME
Personal name Jeffreys, G. V.
942 ## - ADDED ENTRY ELEMENTS (KOHA)
Koha item type General Book
Holdings
Location (home branch) Price effective from Shelving location Not for loan Koha normalized classification for sorting Date acquired Koha date last seen Copy number Piece designation (barcode) Sublocation or collection (holding branch) Withdrawn status Source of classification or shelving scheme Koha item type Damaged status Lost status Koha full call number
Central Library, BUET2015-05-12Circulation section 660_280000000000000_JEN_19632015-05-122015-05-12122438Central Library, BUET  General Book  660.28/JEN/1963
Central Library, BUET2015-05-12Circulation section 660_280000000000000_JEN_19632015-05-122015-05-12222440Central Library, BUET  General Book  660.28/JEN/1963
Central Library, BUET2015-05-12Circulation section 660_280000000000000_JEN_19632015-05-122015-05-12322434Central Library, BUET  General Book  660.28/JEN/1963
Central Library, BUET2015-05-18Circulation section 660_280000000000000_JEN_19632015-05-182015-05-18422432Central Library, BUET  General Book  660.28/JEN/1963
Central Library, BUET2015-05-18Circulation section 660_280000000000000_JEN_19632015-05-182015-05-18522435Central Library, BUET  General Book  660.28/JEN/1963
Central Library, BUET2015-05-18Circulation section 660_280000000000000_JEN_19632015-05-182015-05-18629450Central Library, BUET  General Book  660.28/JEN/1963
Central Library, BUET2015-05-18Circulation section 660_280000000000000_JEN_19632015-05-182015-05-18729449Central Library, BUET  General Book  660.28/JEN/1963
Central Library, BUET2015-05-18Circulation section 660_280000000000000_JEN_19632015-05-182015-05-18829448Central Library, BUET  General Book  660.28/JEN/1963
Central Library, BUET2015-05-18Circulation section 660_280000000000000_JEN_19632015-05-182015-05-18929457Central Library, BUET  General Book  660.28/JEN/1963
Central Library, BUET2015-05-18Circulation section 660_280000000000000_JEN_19632015-05-182015-05-181029454Central Library, BUET  General Book  660.28/JEN/1963
Central Library, BUET2015-05-18Circulation section 660_280000000000000_JEN_19632015-05-182015-05-181129453Central Library, BUET  General Book  660.28/JEN/1963
Central Library, BUET2015-05-18Circulation section 660_280000000000000_JEN_19632015-05-182015-05-181229451Central Library, BUET  General Book  660.28/JEN/1963
Central Library, BUET2015-05-18Circulation section 660_280000000000000_JEN_19632015-05-182015-05-181322431Central Library, BUET  General Book  660.28/JEN/1963
Central Library, BUET2015-05-18Circulation section 660_280000000000000_JEN_19632015-05-182015-05-181429452Central Library, BUET  General Book  660.28/JEN/1963
Central Library, BUET2015-05-18Circulation section 660_280000000000000_JEN_19632015-05-182015-05-181522436Central Library, BUET  General Book  660.28/JEN/1963
Central Library, BUET2015-06-17Reading section 660_280000000000000_JEN_19632015-06-172015-06-171629456Central Library, BUET  Reading Item  660.28/JEN/1963
Central Library, BUET2015-06-18Reading section 660_280000000000000_JEN_19632015-06-182015-06-181729455.Central Library, BUET  Reading Item  660.28/JEN/1963
Central Library, BUET2015-07-10Reading section 660_280000000000000_JEN_19632015-07-102015-07-101822439Central Library, BUET  Reading Item  660.28/JEN/1963